• 首页
  • 本馆介绍
  • 公告通知
  • 最新文献
  • 馆藏检索
  • 电子资源
  • 读者导购
  • 参考咨询
  • 我的图书馆
  • 登录
  • 详细信息显示
  • 放入我的书架
  • 预约/预借图书
  • 作者相关作品
  • 分类相关作品
  • 丛书相关作品
  • 出版社相关作品

书目信息

  • 表格格式
  • 工作单格式
  • 卡片格式
题名:
广播节目编导
    
 
作者: 杜桦 著
分册:  
出版信息: 北京   中国传媒大学出版社  2009
页数: 321页
开本: 21cm
丛书名:
单 册:
中图分类: G222.3
科图分类:
主题词: 广播节目--制作--教材 , 广播节目
电子资源:
ISBN: 978-7-81127-783-8
000 00857nam0 2200253 45
001 1033100156
005 20100408163129.85
010    @a978-7-81127-783-8@dCNY25.00
100    @a20100401d2009 em y0chiy50 ea
101 0  @achi
102    @aCN@b110000
105    @ay z 000yy
106    @ar
200 1  @a广播节目编导@AGuang Bo Jie Mu Bian Dao@f杜桦著@FDu Hua Zhu
210    @a北京@c中国传媒大学出版社@d2009
215    @a321页@d21cm
300    @a21世纪电视文艺编导专业系列教材
330    @a本书以传统广播节目样式为主要关注点,分新闻、文艺两大类共十一种节目类型译分章论述,同时兼顾频率专业化背景下的节目类型的变化演进,深入探讨各类型节目的制作特点。
606 0  @a广播节目@x制作@j教材
606 0  @a广播节目
690    @aG222.3@v4
701  0 @a杜桦@ADu Hua@c(影视艺术)@4著
801  0 @aCN@bTANGWEI@c20100408
905    @b0588422-26@dG222.3@e102@f5
    
    广播节目编导/杜桦著.-北京:中国传媒大学出版社,2009
    321页;21cm
    21世纪电视文艺编导专业系列教材
    
    ISBN 978-7-81127-783-8:CNY25.00
    本书以传统广播节目样式为主要关注点,分新闻、文艺两大类共十一种节目类型译分章论述,同时兼顾频率专业化背景下的节目类型的变化演进,深入探讨各类型节目的制作特点。
●
相关链接 在E读中查询图书 在五车中查询图书 在当当中查询图书 在豆瓣中查询图书


正题名:广播节目编导     索取号:G222.3/102         预约/预借

序号 登录号 条形码 馆藏地/架位号 状态 备注
1 0588422   205884220   第一样本阅览室/ [索取号:G222.3/102] 在馆    
2 0588423   205884239   第四借阅区/ [索取号:G222.3/102] 在馆    
3 0588424   205884248   第四借阅区/ [索取号:G222.3/102] 在馆    
4 0588425   205884257   第四借阅区/ [索取号:G222.3/102] 在馆    
5 0588426   205884266   第四借阅区/ [索取号:G222.3/102] 在馆    
唐山师范学院图书馆 欢迎您!
大连网信软件有限公司© 版权所有